[Event "Managua Hurtado Memorial 15th"]
[Site "Managua"]
[Date "2015.12.29"]
[Round "7"]
[White "Padilla Tabora, Marcos"]
[Black "Blandon, Jaime"]
[Result "0-1"]
[WhiteElo "1787"]
[BlackElo "1902"]
[PlyCount "68"]
[EventDate "2015.12.26"]
[EventType "swiss"]
[EventRounds "9"]
[EventCountry "NCA"]
[SourceTitle "CBM 170 Extra"]
[Source "ChessBase"]
[SourceDate "2016.02.25"]
[SourceVersion "1"]
[SourceVersionDate "2016.02.25"]
[SourceQuality "1"]

1. e4 c5 2. Nf3 d6 3. Bc4 e6 4. Nc3 Nf6 5. d4 cxd4 6. Nxd4 a6 7. a4 Be7 8. 0-0 Qc7 9. Bb3 Nc6 10. Be3 0-0 11. h3 b6 12. Qd2 Bb7 13. Rae1 Na5 14. Bxe6 fxe6 15. Nxe6 Qd7 16. Nxf8 Rxf8 17. Bxb6 Nc4 18. Qd4 Qc6 19. a5 Nd7 20. Nd5 Bf6 21. Nxf6+ Rxf6 22. Bd8 Rf8 23. Bg5 Re8 24. f3 Nxa5 25. Be3 Nf6 26. Rd1 d5 27. e5 Nd7 28. f4 Nc4 29. Bf2 Nf8 30. Rd3 Ne6 31. Qa7 Ra8 32. f5 Rxa7 33. Bxa7 Nc5 34. Rg3 Ne4 0-1

[Event "Managua Hurtado Memorial 15th"]
[Site "Managua"]
[Date "2015.12.27"]
[Round "2"]
[White "Padilla Tabora, Marcos"]
[Black "Garcia Mendez, Alcira Guadalupe"]
[Result "1-0"]
[WhiteElo "1787"]
[BlackElo "1806"]
[PlyCount "79"]
[EventDate "2015.12.26"]
[EventType "swiss"]
[EventRounds "9"]
[EventCountry "NCA"]
[SourceTitle "CBM 170 Extra"]
[Source "ChessBase"]
[SourceDate "2016.02.25"]
[SourceVersion "1"]
[SourceVersionDate "2016.02.25"]
[SourceQuality "1"]

1. e4 e5 2. Nf3 Nc6 3. Bc4 Nf6 4. Ng5 d5 5. exd5 Na5 6. Bb5+ Bd7 7. Bxd7+ Qxd7 8. 0-0 Nxd5 9. Re1 f6 10. Ne4 0-0-0 11. d3 h6 12. Nbc3 f5 13. Nxd5 fxe4 14. dxe4 c6 15. Ne3 Qxd1 16. Nxd1 Nc4 17. Ne3 Nd6 18. f3 Nf7 19. Kf1 Bc5 20. Ke2 Ng5 21. Ng4 Ne6 22. c3 Nf4+ 23. Bxf4 exf4 24. Rad1 h5 25. Ne5 Be3 26. Nf7 Rxd1 27. Rxd1 Rf8 28. Ne5 Rd8 29. Rxd8+ Kxd8 30. Nc4 Bc5 31. Kd3 b5 32. Ne5 Kc7 33. Ng6 Be3 34. e5 Bc1 35. b3 Kd7 36. Ke4 Bd2 37. c4 bxc4 38. bxc4 c5 39. Nxf4 h4 40. Ng6 1-0

[Event "Managua Hurtado Memorial 15th"]
[Site "Managua"]
[Date "2015.12.26"]
[Round "1"]
[White "Urbina, Ricardo"]
[Black "Padilla Tabora, Marcos"]
[Result "1/2-1/2"]
[WhiteElo "2192"]
[BlackElo "1787"]
[PlyCount "70"]
[EventDate "2015.12.26"]
[EventType "swiss"]
[EventRounds "9"]
[EventCountry "NCA"]
[SourceTitle "CBM 170 Extra"]
[Source "ChessBase"]
[SourceDate "2016.02.25"]
[SourceVersion "1"]
[SourceVersionDate "2016.02.25"]
[SourceQuality "1"]

1. e4 d6 2. d4 g6 3. Nc3 Bg7 4. Nf3 Nf6 5. h3 c6 6. Be3 Nbd7 7. Qd2 h5 8. e5 dxe5 9. dxe5 Nh7 10. Bh6 0-0 11. Bxg7 Kxg7 12. 0-0-0 Qa5 13. Qd4 Qc5 14. Bc4 Qxd4 15. Rxd4 Nb6 16. Ne4 Bf5 17. Nc5 Nxc4 18. Rxc4 b6 19. Ne4 c5 20. Ng3 Ng5 21. Nxg5 f6 22. Nf3 Be6 23. exf6+ exf6 24. Rc3 Rfe8 25. b3 Rad8 26. Re1 Kf7 27. Rce3 Bd5 28. Rxe8 Rxe8 29. Rxe8 Kxe8 30. Ne1 Ke7 31. Kd2 Ke6 32. Ke3 g5 33. f3 f5 34. f4 g4 35. h4 Be4 1/2-1/2